Learn French room of the house - Statistics

General Stats
  • This quiz has been taken 36 times
  • The average score is 8 of 15
Answer Stats
English French % Correct
Bedroom Chambre
88%
Garden Jardin
81%
Toilet Toilette
81%
Kitchen Cuisine
75%
Garage Garage
75%
Door Porte
75%
Badroom Salle de bain
50%
Living room Salon
50%
Corridor Couloir
44%
Stairs Escaliers
44%
Cellar Cave
38%
Attic Grenier
38%
Hall / lobby Hall
38%
Terraces Terrasses
25%
Dressing room Dressing
19%
No matching quizzes found
Score Distribution
Percent of People with Each Score
Percentile by Number Answered
Your Score History
You have not taken this quiz